01001nas a2200241Ia 4500001001100000003000900011008004100020040001300061040001300074041001300087100003800100210001600138222001600154245009700170250001100267260003900278501008600317300001000403310001600413362003400429500026000463650003600723R017/H6178IT-RoPAU151124c99999999xx |||||||||||| ||und|| aIT-RoPAU cIT-RoPAU aITALIANO aAA.VV. gCodice Aut. SPICS: 12000 aFILMCRITICA aFilmcritica aFILCRITICA SCUOLA, ANNO 9-N.31 (OTTOBRE 2005)bFilcritica Scuola, Anno 9-N.31 (Ottobre 2005) a1a ed. aMONTEPULCIANO (SI)bLE BALZEc2005 bPaulus - SPICS - Società San Paolo EM (non-commercial uses only)cCopyright2015 a16 p. aTRIMESTRALE aANNO 009, N.31 (OTTOBRE 2005) aSupplemento Alla Rivista Filmcritica N. 559. Venezia e i Giovani di I. Belforti. Classic: la Terra Trema di L. Visconti a Cura di A. Cappabianca. Cinestoria: Cinema Americano 2, Ministoria Evoluzione Tecnica Cinema e Linguaggio di E. Bruno. Profili: Stanl aCINEMAvPUBBLICAZIONE PERIODICA